000 00620nam a2200193 i 4500
001 37586
003 ES-MaACL
005 20230906155614.0
007 t|
008 030221s1971 sp ||||1| spa d
080 _a355.14(460)"1936/39"
100 1 _aBueno Carrera, José María.
_9142848
245 1 0 _aUniformes militares en color de la guerra civil española /
_ctexto e ilustraciones de José María Bueno.
260 _aMadrid :
_bSan Martín,
_c1971.
300 _a192 p., 55 lám. ;
_c19 cm.
650 4 _aUniformes militares-
_zEspaña.
_9142850
650 4 _aUniformes.
_9142847
852 4 _aES-MaACL
_jC-50103
999 _c37586
_d37586